000 00485nam a22001577a 4500
008 250519b |||||||| |||| 00| 0 eng d
020 _a9781846684302
050 _aHB74.P65
_b.A24
100 _aAcemoglu Daron
245 _aWhy Nations Fail:
_bThe Origins of Power and Prosperity and Poverty
260 _aLondon
_bProfile Books LTD
_c2013
300 _a529P.
_billustration
650 _aEconomics - Political Aspects
_vEconomics - History
700 _aRobinson James A.
942 _cBK
999 _c3531
_d3531